Cyberspace CBMs between pakistan and india (Record no. 17263)
[ view plain ]
| 000 -LEADER | |
|---|---|
| fixed length control field | 00279nam a22001097a 4500 |
| 008 - FIXED-LENGTH DATA ELEMENTS--GENERAL INFORMATION | |
| fixed length control field | 150604t xxu||||| |||| 00| 0 eng d |
| 020 ## - INTERNATIONAL STANDARD BOOK NUMBER | |
| International Standard Book Number | 978-969-8535-21-6 |
| 100 ## - MAIN ENTRY--PERSONAL NAME | |
| Personal name | Dr Tughral Yamin |
| 9 (RLIN) | 992 |
| 245 ## - TITLE STATEMENT | |
| Title | Cyberspace CBMs between pakistan and india |
| 300 ## - PHYSICAL DESCRIPTION | |
| Extent | 275 |
| 942 ## - ADDED ENTRY ELEMENTS (KOHA) | |
| Source of classification or shelving scheme | |
| Koha item type | Book |
| Withdrawn status | Lost status | Source of classification or shelving scheme | Damaged status | Not for loan | Collection code | Permanent Location | Current Location | Date acquired | Total Checkouts | Full call number | Barcode | Date last seen | Price effective from | Koha item type |
|---|---|---|---|---|---|---|---|---|---|---|---|---|---|---|
| Atta-ur-Rahman School of Applied Biosciences (ASAB) | Atta-ur-Rahman School of Applied Biosciences (ASAB) | 06/04/2015 | 004 YAM | ASAB3238 | 02/21/2017 | 06/04/2015 | Book | |||||||
| Atta-ur-Rahman School of Applied Biosciences (ASAB) | Atta-ur-Rahman School of Applied Biosciences (ASAB) | 06/04/2015 | 004 YAM | ASAB3239 | 02/21/2017 | 06/04/2015 | Book |
